000
00295nam a2200121 a 4500
008
110518s1994|||| d
245
1
0
_a
Tajomstvá hypnózy a sugescie
100
1
_a
Damon, Cyron
020
_c
10
044
_a
xo
_c
SK
041
_a
slo
260
_b
Eko-konzul
_a
Bratislava
_c
1994
999
_c
19677
_d
19677